[Event "Tata Steel-A 79th"]
[Site "Wijk aan Zee"]
[Date "2017.01.17"]
[Round "4"]
[White "Adhiban, Baskaran"]
[Black "Eljanov, Pavel"]
[Result "0-1"]
[WhiteElo "2653"]
[BlackElo "2755"]
[Annotator "Adhiban,B"]
[PlyCount "112"]
[EventDate "2017.01.14"]
[EventType "tourn"]
[EventRounds "13"]
[EventCountry "NED"]
[EventCategory "21"]
[SourceTitle "CBM 177"]
[Source "ChessBase"]
[SourceDate "2017.03.16"]
[SourceVersion "1"]
[SourceVersionDate "2017.03.16"]
[SourceQuality "1"]

1. d4 Nf6 2. c4 e6 3. Nf3 b6 4. a3 {Yes, I was playing quite principled
openings during the start of the event :).} Bb7 5. Nc3 d5 6. Qc2 $5 {A funky
line.} c5 {Not the most popular move.} (6... Be7 {looks logical and natural.})
7. cxd5 Nxd5 (7... cxd4 $5 {is another way.}) 8. dxc5 Be7 (8... Bxc5 {is the
main move.} 9. Bg5 {with a strong intiative.} f6 (9... Qc8 10. Rc1 $14) 10. Bh4
{White has a minute pull.} (10. Bd2 $5 {(Gelfand-Lautier 1990)})) 9. Bd2 ({
There was no reason not to take the pawn.} 9. cxb6 axb6 (9... Qxb6 10. Nxd5
Bxd5 11. e4 $16) (9... O-O $5 10. bxa7 $16) 10. Bd2 O-O 11. e3 Nd7 12. Bb5 $14)
9... O-O ({The computer feels that} 9... bxc5 {is best with equal chances.})
10. Rd1 ({I had another opportunity to take the pawn, but not on this day :).} 
10. cxb6 Qxb6 11. e3 (11. e4 Nxc3 12. Bxc3 Nd7 $44) 11... Nd7 12. Bd3 h6 13.
O-O Rac8 {Black has decent compensation but still this was the principled way.}
) (10. e4 {was another option} Nxc3 11. Bxc3 bxc5 {with a possible
transposition to the game.}) 10... bxc5 (10... Nd7 11. e4 Nxc3 12. Bxc3 {
with a ideal version I felt. But the computer strongly disagrees with} Qc8 $1
13. cxb6 axb6 $44) 11. e4 Nxc3 12. Bxc3 {Dreev and Sokolov use this line very
frequently, through a different move order.} Qb6 (12... Qc7 {is more popular
but there is nothing wrong with ...Qb6.}) 13. Ne5 {Capitalising on the
c4-outpost and fighting against Black's development.} (13. Nd2 Nc6 {is even
more comfortable for Black.}) 13... Rd8 (13... Bf6 14. Nc4 Bxc3+ 15. Qxc3 Qc7
16. Qg3 $1 (16. Nd6 Rd8 17. e5 Nd7) 16... Qxg3 17. hxg3 Bxe4 18. Rh5 $1 f5 19.
Ne3 Nc6 (19... g6 20. Rh4 {White will eventually get back the pawn under
favourable circumstances.}) 20. f3 g6 21. Rh4 Bd5 22. Nxd5 exd5 23. Rxd5 $14)
14. Rxd8+ Qxd8 {The main game in this position is Riazentsev-Brkik.} (14...
Bxd8 {is the ugly move which the computer suggests! It must have had a very
bad coach :).}) 15. Bb5 $5 {Looked like the most ambitious spot for the bishop.
} ({Another decent and possibly stronger option would be} 15. Be2 Nc6 16. Nxc6
Bxc6 17. O-O {with a nice pull.}) 15... a6 (15... Qc7 16. O-O (16. Be8 $5 {
was interesting but doesn't work} f6 17. Qb3 Qb6 $1 {and Black takes over.} (
17... fxe5 18. Qxe6+ Kh8 19. Bxe5) 18. Bf7+ Kf8 19. Qa4 Qd8 20. Ba5 Qc8 21. Qb3
Bxe4 $1 (21... fxe5 22. Bxe6 Nd7 23. O-O $16) 22. Bxe6 Qa6 $15) (16. Qa4 Bf6)
16... Nc6 (16... a6 $6 17. Be8 $1 {Now this is very strong.} f6 18. Qb3 $1 fxe5
(18... Bc8 19. Nc4 $16) 19. Qxe6+ Kh8 20. Bxe5 Bc8 21. Qd5 $1 Qb7 22. Qf7 $18)
17. Nxc6 Bxc6 18. Bc4 {with a slight pull.}) 16. Ba4 {Now the bishop is
unhindered.} (16. Bc4 $5 {was a good option since Black has played ...a6 which
might prove to be a weakness in the long run.}) 16... Qc7 17. O-O {I was happy
with my position.} Nc6 18. Nxc6 (18. Nc4 Nd4 19. Qd3 a5 $1 {followed by ...Ba6
and Black is fine.}) (18. Bxc6 $5 {is an interesting option unbalancing the
position.} Bxc6 19. Nc4 Bb5 {should be equal though.}) 18... Bxc6 19. Rd1 (19.
Bxc6 Qxc6 20. Rd1 {keeps Black's structure in misery but now Black achieves
equality with} c4 $1 $11) 19... Bb5 {White's advantage is now burnt to a
cinder.} 20. Bb3 h5 $6 {A very provocative move.} (20... Rd8 {I was
calculating this and decided on this move. However White gets an edge with} 21.
a4 $1 Rxd1+ 22. Qxd1 Bc6 23. Qe2 {and Black will have a hard time defending
the weaknesses.}) (20... Qc6 $1 {is the best move.}) 21. g3 ({Now I had a good
option to take the advantage with} 21. a4 $1 Bc6 22. Bc4 Qf4 {I stopped here
but after} 23. Re1 $1 {[%csl Gg2][%cal Gg2g3,Gc4f1] followed by g3-Bf1, I can
take over!}) 21... Qb7 22. Ba2 (22. a4 $5 c4 $1 (22... Bc6 23. f3 $16) 23. Ba2
Bc6 24. f3 Rc8 {I wasn't sure about this position and hence I decided against
a4.}) 22... Bc6 23. Bb1 {A battery!} Qb5 24. Qd2 (24. f3 $5) (24. h4 $1 $14 {
looks good, following the golden principle of fixing your opponent's weakness.}
) 24... Rd8 25. Qe1 h4 26. Rxd8+ Bxd8 27. Qd1 $6 {I wanted the option of
penetrating the kingside with Qg4 and hence didn't even bother to check
Black's idea.} (27. Qd2 $1 Be7 28. Bd3 c4 29. Bf1 $14 {was a simple and safe
edge.}) 27... Ba5 28. Bxa5 Qxa5 29. gxh4 {White is a pawn up, but his pawn
structure is scattered.} c4 {Making way for the queen to come!} (29... Qc7 {
[%cal Rc7f4] was another way to get the queen into the game.}) 30. Qe2 $2 {
A huge error which meets a simple refutation.} (30. Kg2 $5 {is simple chess.
No need to make any decisions yet. Let's see what Black can do!} c3 31. Qc1 Qa4
(31... Qh5 32. f3) 32. bxc3 Bxe4+ 33. Bxe4 Qxe4+ 34. f3 Qe2+ $11) 30... c3 31.
bxc3 Qxa3 {This is what I had forgotten about.} 32. Kg2 a5 {A swift pawn push.}
(32... Qxc3 33. Qxa6 {is a dead draw.}) 33. Qc4 Qa4 $1 (33... Qd6 $5 {was the
natural move but Eljanov finds something better than natural!}) 34. Qxa4 {
I assumed that I could save this bishop endgame since my king was very near,
but I had to keep the queens.} (34. Qd4 $1 Qb3 35. Bd3 a4 36. Qc5 Qb7 37. f3
Be8 $15 {Black is better, but he still has to work hard to bring the point
home.}) 34... Bxa4 35. Ba2 Bc2 36. Kf3 e5 $1 {Fixing the pawn structure. Even
the computer takes a while to understand that this endgame is very difficult
and possibly lost for White.} 37. Ke3 a4 38. Bd5 a3 39. Ba2 Kf8 $17 {Eljanov
plays slowly, realising White can do nothing.} 40. f3 $2 {Too weak, too slow :)
.} (40. c4 $1 {would have given a better fight.} Ke7 41. Kd2 $1 {This is what
I had missed, I didn't realise that my position was very bad and hence much
more drastic measures had to be taken.} (41. c5 f6 $17) 41... Bxe4 42. Kc3 Kd6
43. Kb4 f5 44. Kxa3 Kc5 45. Kb3 Bg2 46. Kc3 e4 47. Bb1 Bf1 48. f3 exf3 49. Kd2
f4 50. Ke1 Bxc4 51. Kf2 Bd5 $17 {But the win doesn't look easy, If at all
possible.}) 40... Ke7 {Now it's over.} 41. Kd2 Ba4 42. Kc1 f5 $1 43. exf5 (43.
Bc4 f4 $3 {wins easily.}) 43... Bc6 {The rest is easy.I tried to cook up some
trouble, but the position was beyond hope.} 44. Kd2 Bxf3 45. c4 Kf6 46. Ke3 Bc6
47. Bb3 Kxf5 48. h3 Ke6 49. Ba2 Kd6 50. Kd3 Kc5 51. Kc3 e4 52. Bb3 Be8 53. Bd1
e3 54. Be2 Bf7 55. Kb3 Bxc4+ 56. Bxc4 a2 0-1

[Event "Zaragoza Casablanca op 5th"]
[Site "Zaragoza"]
[Date "2011.12.31"]
[Round "9"]
[White "Mirzoev, Azer"]
[Black "Georgiev, Kiril"]
[Result "0-1"]
[WhiteElo "2510"]
[BlackElo "2666"]
[Annotator "Adla Martin"]
[PlyCount "124"]
[EventDate "2011.12.23"]
[EventType "swiss"]
[EventRounds "9"]
[EventCountry "ESP"]
[SourceTitle "CBM 146 Extra"]
[Source "ChessBase"]
[SourceDate "2012.02.29"]
[SourceVersion "1"]
[SourceVersionDate "2012.02.29"]
[SourceQuality "1"]

1. d4 Nf6 2. Nf3 e6 3. c4 b6 4. a3 c5 5. Nc3 cxd4 6. Nxd4 Bb7 7. f3 Nc6 8. Ndb5
{Esta jugada es novedad. No parece aconsejable al defender las negras
fácilmente "d6". Además, el Cb5 queda descolocado.} Qb8 9. Be3 $6 {Una jugada
muy extraña, sólo explicable por las condiciones particulares del torneo.
Mirzoev necesita tablas para ser primero, pero enfrente tiene a un jugador
notable que no se lo pondrá fácil. Es evidente que, con su última jugada, las
blancas intentan mantener la partida quieta sin embargo no es claro que
consigan su objetivo haciendo jugadas dudosas, aqui se retrasa en desarrollo y
es tendrá un precio en el medio juego. Según definición de Sergio Garza,
"Mirzoev es un yudoca del tablero".} a6 10. Nd4 Ne5 11. b3 Bc5 12. Bf2 O-O 13.
e3 {Es muy chocante el aspecto del plan blanco. Las jugadas Ae3-Af2-e3 no es
el tipo de ajedrez que se entiende fácilmente. La respuesta de Georgiev es
sencilla y clara: las blancas se retrasan en el desarrollo, las negras abren
líneas.} d5 14. cxd5 Nxd5 15. Nxd5 Bxd5 16. b4 Bd6 {La debilidad de la
diagonal h2-b8 dará problemas al blanco.} 17. Be2 Rd8 18. Qb1 b5 $1 {Una buena
jugada posicional, buscando la casilla "c4" y una astuta celada táctica, como
se verá.} 19. h3 ({En caso de} 19. O-O $2 Nc4 20. Bxc4 Bxh2+ 21. Kh1 bxc4 22.
f4 Bxf4 $1 {la clave de la combinación del negro, este sacrificio debilita
fatalmente al rey blanco.} 23. exf4 Qxf4 24. Qd1 e5 25. Nf3 Qh6+ 26. Kg1 e4 {
con iniciativa ganadora.}) 19... Nc4 {Con esta jugada las negras obligan al
blanco a ceder la pareja de alfiles y un peligroso peón pasado en "c4". Como
escribió Nimzowitch, "el peón pasado surge, como el ave fénix, de las cenizas
de la fuerte casilla central".} 20. e4 Bb7 ({Buena jugada humana.
Lamentablemente, el comentador de partidas de ajedrez está obligado a ser, en
momentos puntuales, el cronista del brillante pensamiento táctico de los
módulos. Aquí no se lo puede reprochar a Georgiev que no jugará la
brillantísima} 20... Bg3 $3 {Increíble jugada. Nadie la soñó, no somos nada.
Veamos un poco de análisis:} 21. exd5 (21. Nb3 Ne3 $1 22. exd5 Qe5 {y con el
rey en el centro las blancas se enfrentan a una defensa imposible.}) 21...
Bxf2+ 22. Kxf2 Qb6 23. Rd1 Rxd5 24. Bxc4 bxc4 25. Qe4 Rad8 {con clara ventaja.}
) 21. Bxc4 bxc4 22. Qc2 Be5 23. Rd1 Rd7 ({Quizás más precisa} 23... Qc7 {
para evitar la captura en "c4".}) 24. O-O $6 ({Era jugable y la mejor} 24. Qxc4
{es probable que ambos ajedrecistas pensaran que las negras ganan con} Qd8 25.
O-O {y no vieron que a la natural} Rc8 $2 {sigue la sorpresa} 26. Nxe6 $1 {
gracias rybka. Y las blancas ganan, por ejemplo:} Rxc4 (26... Rxd1 27. Nxd8
Rxf1+ 28. Qxf1 {oops, sorpresa.}) 27. Nxd8 Bc8 28. Nb7 {otra sorpresa más, y
el caballo escapa con dos peones de más.}) 24... Qc7 25. Ne2 Rad8 26. Bc5 $2 ({
Esta jugada ya es un error grave. Las blancas debieron evitar que las negras
entraran en "d3" jugando} 26. Rxd7 Rxd7 27. Bc5 Rd3 {con mucha lucha por
delante.}) 26... Rd3 $1 {Luego de esta precisa jugada las negras dominan la
posición, con el control de la columna abierta, su pareja de alfiles y el peón
pasado de "c".} 27. Nc1 Rc3 28. Qa4 h6 29. Ne2 Rcd3 30. Nc1 Rd2 ({Ganaba
material} 30... Bc6 31. Qc2 Rxa3 {porque no sirve} 32. b5 Rc3 {Sin embargo, la
jugada de la partida también es buena.}) 31. Rxd2 Rxd2 32. Kh1 Bf4 ({La jugada
sugerida por Dragan Paunovic} 32... Qc6 {también gana fácilmente.}) 33. Re1 Qd8
({Obviamente, peón pasado que puede avanzar sin perderse debe adelantarse, y
aquí es el caso, es excelente} 33... c3 {con ventaja abrumadora.}) 34. Ne2 Bb8
35. Be3 Qc7 36. Bg1 ({La celada es que si} 36. Bf4 Rxe2 $1 {ganando.}) 36...
Kh7 37. b5 axb5 38. Qxb5 c3 39. Nxc3 Qxc3 40. Qxb7 Bg3 $4 ({El momento más
dramático de todo el torneo. Las negras ganan fácilmente con} 40... Rb2 {
como señalaron varios ajedrecistas en la sala de análisis. Sin embargo,
Georgiev sufre una ceguera momentánea y no gana la pieza, con lo cuál la lucha
empieza de nuevo.}) 41. Rb1 Qc2 42. Qb3 Rxg2 43. Qxc2 Rxc2 44. Rb3 {Las
blancas, por suerte, sólo están jugando un final perdido, cuándo hace cuatro
jugadas debían abandonar.} g5 $1 {Buena jugada. Georgiev, quizás sin ser
consciente del grave error que había cometido, aprieta fuertemente en el final
fijando debilidades y atando a las piezas blancas a la defensa.} 45. a4 {
Las blancas juegan impreciso y facilitan la tarea a las negras debiltando su
peón "a".} Ra2 $1 46. a5 Kg6 47. a6 Rxa6 48. Rb2 Kh5 $1 {La debilidad es "h3".
Esta jugada recuerda a otro concepto de Nimzowitch, "la centralización de
flanco".} 49. Kg2 Kh4 50. Bc5 Ra4 51. Rc2 h5 $4 52. Be7 ({Las negras permiten} 
52. e5 $3 {que consigue igualar por los temas de mate contra el rey negro.
Otra vez, como si hubiéramos tenido pocas emociones, a un error sigue otro y
otra vez las negras estan ganadas. ?Quién cree que con los 30 segundos de
adición se juega bien?.}) 52... Be5 53. Bc5 Bd4 {El cambio de alfiles favorece
al negro que estabiliza su rey y puede realizar la ruptura "g4", para
debilitar el peón de "e4".} 54. Bxd4 Rxd4 55. Rf2 Rd3 56. Kh2 Re3 $1 57. Kg2 f6
$1 {Con sus últimas jugadas las negras preparan la ruptura "g4", con lo que
destruirán la cadena de peones del blanco.} 58. Kh2 g4 59. hxg4 hxg4 60. fxg4
Kg5 {La última sutileza, las negras se quedan con dos peones de más.} 61. Rc2
Rxe4 62. Kh3 Re3+ {Y las blancas abandonan. Impresionante lucha con gran
emoción. Siempre es un consuelo para los mortales ver a fuertes Grandes
Maestros cometer graves errores, con un ojo (o los dos) en los módulos de
análisis para confirmarlos. Un gran final para el V OPEN DE AJEDREZ AUGUSTA
ARAGÓN.} 0-1

[Event "ISR-chT"]
[Site "Israel"]
[Date "1996.??.??"]
[Round "7"]
[White "Gofshtein, Leonid D"]
[Black "Alterman, Boris"]
[Result "0-1"]
[WhiteElo "2540"]
[BlackElo "2585"]
[Annotator "Alterman,B"]
[PlyCount "114"]
[EventDate "1996.??.??"]
[EventType "team"]
[EventRounds "11"]
[EventCountry "ISR"]
[SourceTitle "CBM 052 Extra"]
[Source "ChessBase"]
[SourceDate "1996.07.01"]
[SourceVersion "1"]
[SourceVersionDate "1996.07.01"]
[SourceQuality "1"]

1. d4 Nf6 2. c4 e6 3. Nf3 b6 4. a3 Bb7 5. Nc3 d5 6. Bg5 Be7 7. Qa4+ Qd7 8.
Qxd7+ Nbxd7 9. Nb5 Kd8 10. cxd5 Nxd5 11. e4 N5f6 12. Bf4 Ne8 13. d5 $5 (13. Bd3
h6 {Van Wely,L-Karpov,A/Wijk aan Zee/1995/}) 13... exd5 14. O-O-O Nd6 (14... c6
15. Nc3 $44) (14... a6 $1 15. Nc3 dxe4 16. Ne5 Nd6 17. Nc4 $44) 15. exd5 a6 16.
Nc3 (16. Nxd6 Bxd6 17. Bxd6 cxd6 18. Ng5 Ke7 19. Bd3 Nf6 $1 20. Rhe1+ Kf8 21.
Ne4 Nxe4 22. Rxe4 Rc8+ 23. Kd2 g6 $10) 16... Bf6 17. Nd4 Re8 $6 (17... Bxd4 18.
Rxd4 Re8 $14) 18. Be2 $6 (18. Nc6+ $1 Bxc6 19. dxc6 Be5 20. Be3 $1 (20. Bg5+
Bf6) 20... Nb8 (20... Nf6 21. Nd5) 21. g3 Bxc3 22. bxc3 Nxc6 23. Bg2 Kd7 24.
Bh3+ Ke7 25. Rhe1 $16) 18... Nc5 19. Kc2 Nce4 20. Nxe4 Rxe4 21. Be3 Bxd4 $1 (
21... Bxd5 $2 22. Nf5 Nxf5 23. Rxd5+ Nd6 24. Bf3) 22. Rxd4 Re5 23. Bf3 Nf5 24.
Rd3 Nxe3+ 25. fxe3 Kd7 $15 26. h4 (26. d6 Bxf3 27. dxc7+ Bd5 28. e4 (28. Rhd1
Ke6) 28... Rc8 29. exd5 Rxc7+ $17) 26... Rae8 (26... Kd6 $5) (26... f5 27. Kd2
Kd6 28. Rc1 $15) 27. e4 $1 Kd6 28. g4 f6 29. Kd2 h6 30. Ke3 (30. Rg1 $1) 30...
h5 31. Rg1 $8 (31. gxh5 f5 32. Rg1 fxe4 33. Rg6+ Kd7 34. Rxg7+ Kd8 $19) 31...
hxg4 32. Rxg4 R8e7 (32... g5 $1 33. hxg5 fxg5 34. Rg1 Rh8 $17) 33. Kf4 Bc8 34.
Rg1 g5+ 35. hxg5 fxg5+ 36. Kg3 Rh7 37. Rc1 $10 Bd7 38. Bg2 Ree7 39. Rf3 (39.
Rxc7 Kxc7 40. d6+ Kd8 41. dxe7+ $10) 39... Rh4 40. Rf6+ Ke5 41. Rf8 $5 Rg4+ 42.
Kh2 (42. Kf2 Kd6 43. Rd8 Rf7+ 44. Kg1 a5 $10) 42... Rh4+ 43. Kg1 Bh3 $1 44. Bh1
$2 (44. Bxh3 Rxh3 45. Rc4 $1 Re3 46. Rf5+ Kd6 47. Rf6+ Kd7 48. Rxc7+ Kxc7 49.
d6+ Kd7 50. dxe7 $10) 44... Rg4+ $1 (44... Rf4 45. Rh8 $1 $13) 45. Kf2 (45. Kh2
Rh7 $19) 45... Rf4+ 46. Rxf4 Kxf4 47. Rc6 Rf7 $1 48. b4 g4 49. Rg6 b5 50. Rxa6
$2 (50. Rg8 Ke5+ (50... Rf6 $1 51. Rg7 c6 $17) 51. Kg3 Rf1 52. Kh2 $1 Ra1 53.
Re8+ Kd4 54. e5 Ra2+ 55. Kg3 Rxa3+ 56. Kf4 $1 Ra1 57. d6 cxd6 58. exd6 g3 59.
Bg2 $1) 50... g3+ 51. Kg1 (51. Ke2 g2 52. Bxg2 Bxg2 53. Kd3 Bxe4+ 54. Kd4 Rf5
$19) 51... g2 52. Bxg2 Rg7 53. Rf6+ Ke5 54. Rf5+ (54. Rf2 Rxg2+ 55. Rxg2 Bxg2
56. Kxg2 Kxe4 57. Kf2 Kxd5 58. Ke2 Kc4 59. Kd2 Kb3 60. Kd3 Kxa3 61. Kc3 c6 $19)
54... Bxf5 55. exf5 Kxf5 56. Kf2 Rxg2+ 57. Kxg2 Ke4 0-1

[Event "ISR-chT"]
[Site "Israel"]
[Date "1997.??.??"]
[Round "6"]
[White "Gofshtein, Leonid D"]
[Black "Alterman, Boris"]
[Result "0-1"]
[WhiteElo "2540"]
[BlackElo "2595"]
[Annotator "Alterman,B"]
[PlyCount "60"]
[EventDate "1997.??.??"]
[EventType "team"]
[EventRounds "11"]
[EventCountry "ISR"]
[SourceTitle "CBM 059"]
[Source "ChessBase"]
[SourceDate "1997.08.01"]
[SourceVersion "1"]
[SourceVersionDate "1997.08.01"]
[SourceQuality "1"]

1. d4 Nf6 2. c4 e6 3. Nf3 b6 4. a3 Bb7 5. Nc3 d5 6. Qc2 c5 7. cxd5 cxd4 {N} (
7... exd5) (7... Nxd5) 8. Qa4+ (8. Nxd4 Nxd5 9. e4 Nxc3 10. Qxc3 Nd7 11. Be3
Rc8 (11... Bxe4 $6 12. Nb5 Rc8 13. Qd4 Nf6 14. Nxa7 Qxd4 15. Bxd4 $36) 12. Qd2
Be7 13. Rd1 a6 (13... O-O $2 14. Nxe6 fxe6 15. Qxd7 $18) (13... Bxe4 $5 14. Ba6
$44) 14. Be2 Ne5 (14... b5 $5 15. f3 Bh4+ 16. Bf2 Bg5 17. Be3 Bh4+ $11) 15. O-O
O-O 16. f3 Nc4 $11 17. Bxc4 Rxc4 18. Rc1 (18. Qe2 Qc7 19. Rc1 Rc8 $11) 18...
Rxc1 19. Rxc1 Bf6 20. b4 (20. Nb3 Qxd2 21. Nxd2 Rc8 22. Rxc8+ Bxc8 23. Bxb6
Bxb2 24. Nc4 Bf6 $11) (20. Qf2 Qd7 21. Nb3 $6 Qd3 $15) 20... Qd7 21. Nb3 Qa4
22. Qa2 Qb5 {><b6,Bb7} 23. Rc7 Rb8 24. Qd2 {1/2-1/2 Piket,J-Dautov,R/Nussloch 
(07) ;CBM 53 1996 (42)} (24. Qc2 Bd8 25. Nd4 Qe8 26. Rc3 Qd7 $11)) 8... Nbd7 9.
Qxd4 $6 $146 (9. dxe6 dxc3 10. exd7+ Qxd7 11. Qxd7+ Nxd7 12. bxc3 Be7 $44) 9...
Bc5 10. Qa4 exd5 $1 11. Bg5 (11. e3 O-O 12. Be2 (12. Ba6 $1 Bxa6 13. Qxa6 Be7
14. O-O Nc5 15. Qe2 Nfe4 $15 16. Rd1 $6 Nb3) 12... Ne4 $15) 11... O-O 12. e3
Be7 $1 13. Rd1 $2 (13. Be2 Nc5 14. Qd1 (14. Qc2 Ne6 (14... Rc8 $1 15. O-O Nce4
$15) 15. Bh4 d4 16. Rd1 Bxf3 17. Bxf3 Rc8 18. Qa4) 14... Ne6 15. Bh4 Ne4 16.
Bxe7 Qxe7 17. O-O Nxc3 18. bxc3 Rac8 $15) 13... Rc8 $17 14. Qb3 (14. Bxf6 Bxf6
15. Nxd5 Bxd5 16. Rxd5 Rc1+ 17. Rd1 Nc5) (14. Be2 Nc5 15. Qc2 Nce4 $17) 14...
Nc5 15. Qa2 Nfe4 (15... Nce4 16. Bxf6 Nxf6 17. Be2 $11) 16. Nxe4 $6 (16. Bxe7
Qxe7 17. Nxd5 Bxd5 (17... Qe6 18. Bc4 b5 (18... Rfd8 19. b4 (19. Nd4 Qe5 20.
Nf3) 19... b5 (19... Bxd5 20. Bxd5 Nc3 21. Qc2 Rxd5 22. Rxd5 Qxd5 23. bxc5 Qxc5
24. O-O Qxa3 25. Ng5 g6 26. Ne4 b5 $17) 20. Nd4 Qg4 21. Ne7+ Kf8 22. Nxc8 Qxg2
23. Rf1 bxc4 24. bxc5) 19. Bxb5 Rfd8 20. Bc4 Nd6 21. Be2) 18. Rxd5 Na4 (18...
Nd3+ 19. Bxd3 Rc1+ 20. Ke2 Rxh1 21. Re5 Qc7 22. Bxe4 Qc1 23. Nd2 Re1+ 24. Kd3
Rd1 25. b4 Rc8 26. Ke2 Re1+ 27. Kf3) 19. Qa1 $8 Rc2 20. Bd3 Nxf2 (20... Rxf2
21. Bxe4 Qxe4 22. Kxf2 Qxd5 23. b4) 21. Bxc2 Qxe3+ 22. Kf1 Nxh1 23. Qe1) 16...
Nxe4 17. Bxe7 Qxe7 18. Bd3 d4 19. Nxd4 Qg5 20. Bxe4 Bxe4 21. Rg1 Qh4 22. h3
Rfd8 23. b4 Rc3 24. Ke2 Bd5 25. Qd2 (25. Qb2 Bc4+ 26. Kf3 Qf6+ 27. Kg3 Qe5+ 28.
Kf3 Rxd4 29. Qxc3 Rf4+ 30. Kg3 Rg4+ $1 31. Kxg4 h5+ $19) (25. Nf5 Qe4 (25...
Bc4+ 26. Kf3 Qh5+ 27. g4 Qxh3+ 28. Ng3) 26. Ne7+ (26. Rxd5 Rc2+ 27. Ke1 Rxd5
28. Ne7+ Kf8 29. Qxd5 Qxd5 30. Nxd5 Rc1+ 31. Kd2 Rxg1 32. g3 Ra1 $19) 26... Kf8
27. Nxd5 Rc2+ 28. Qxc2 Qxc2+ 29. Kf3 Qb3 $19) 25... Rxa3 26. Rc1 Ra2 27. Rc2
Bc4+ 28. Kf3 Rxd4 29. exd4 Bd5+ 30. Ke2 Qe4+ 0-1